01280nam a2200277 450000100040000000500170000400700040002100800050002501000170003002000220004704000190006905000210008808200170010924502610012626000820038730000340046950001630050350400290066665000570069570000260075270000220077871000560080071000590085671000530091574000340096800020150401160708.0000000  a 85980578  a9290590343 (pbk.) aUOELcDLCdDLC00aSB172b.M85 198400a634.9/5621900aMultipurpose tree germplasm :bproceedings, recommendations, and documents of a planning workshop to discuss international cooperation held at the National Academy of Sciences, Washington D.C., U.S.A., June 1983 /cedited by J. Burley and P. von Carlowitz. aNairobi, Kenya :bInternational Council for Research in Agroforestry,cc1984. axvi, 298 p. :bill. ;c24 cm. aSponsored by International Council for Research in Agroforestry, German Agency for Technical Cooperation, and International Board for Plant Genetic Resources. aIncludes bibliographies. 0aMultipurpose treesxGermplasm resourcesxCongresses.1 aBurley, J.q(Jeffery)1 aVon Carlowitz, P.2 aInternational Council for Research in Agroforestry.2 aDeutsche Gesellschaft für Technische Zusammenarbeit.2 aInternational Board for Plant Genetic Resources.0 aMulti-purpose tree germplasm.